00326nam a2200121Ia 4500008004100000041000800041082001800049100004300067245003000110250000800140260004800148300000800196231228s2003 xx 000 0 und d aeng a155.6718bEFR aEFRON (Ron Potter)/ EFRON (Pat Potter) a10 Ways to Overcome Anger a3rd aMumbaibJaico Publishing House Mumbaic2003 a158